000 00769nam a2200241 i 4500
001 106781
003 ES-MaACL
005 20250827231500.0
007 t|
008 061205s1968 xxu ||||1| eng d
080 _a165.72(091)
100 1 _aPopkin, Richard H.
_993096
245 1 4 _aThe history of scepticism from Erasmus to Descartes /
_cby Richard H. Popkin.
250 _a1st. ed. Harper Torchbook.
260 _aNew York :
_bHarper and Row,
_c[1968]
300 _aXVII, 242 p. ;
_c20 cm.
490 1 _aHarper torchbooks ;
_v1391
500 _aBiblioteca Jacinto Martínez Lacalle.
650 1 4 _aEscepticismo-
_vHistoria
_912355
830 0 _aHarper torchbooks ;
_v1391
_9232861
852 _aES-MaACL
_jE-11457
_bR.139504
999 _c106781
_d106781